[Event "GER Seniors Derby 06th"]
[Site "Wesel Undeloh"]
[Date "2007.04.14"]
[Round "4.16"]
[White "Scholz, Gerd1111"]
[Black "Meiners, Bernhard"]
[Result "0-1"]
[WhiteElo "1558"]
[BlackElo "1681"]
[PlyCount "78"]
[EventDate "2007.04.12"]
[EventType "swiss"]
[EventRounds "7"]
[EventCountry "GER"]
[SourceTitle "EXT 2022"]
[Source "ChessBase"]
[SourceDate "2021.10.06"]
[SourceVersion "1"]
[SourceVersionDate "2021.10.06"]
[SourceQuality "1"]

1. e4 e6 2. d4 d5 3. e5 c5 4. c3 Nc6 5. f4 cxd4 6. cxd4 Bb4+ 7. Bd2 Qb6 8. Nf3 Nge7 9. a3 Bxd2+ 10. Qxd2 Nf5 11. Nc3 Nfxd4 12. Nxd4 Qxd4 13. Qxd4 Nxd4 14. Bb5+ Bd7 15. Bxd7+ Kxd7 16. 0-0-0 Rac8 17. Kd2 a6 18. Kd3 Nf5 19. g4 Ne7 20. Ne4 dxe4+ 21. Kxe4+ Nd5 22. Rd4 Ke7 23. Rg1 Rc2 24. h4 Rhc8 25. f5 Rxb2 26. g5 Rc3 27. f6+ Kf8 28. Rd3 Rbb3 29. Rxc3 Rxc3 30. Kd4 g6 31. Rh1 b5 32. h5 Kg8 33. h6 Kf8 34. Ra1 Rc4+ 35. Kd3 Ke8 36. Ra2 Kd7 37. Ra1 Rg4 38. Ra2 Rxg5 39. a4 Nb4+ 0-1

[Event "GER Seniors Derby 06th"]
[Site "Wesel Undeloh"]
[Date "2007.04.12"]
[Round "1.2"]
[White "Meiners, Bernhard"]
[Black "Wilbert, Siegfried"]
[Result "0-1"]
[WhiteElo "1694"]
[BlackElo "2058"]
[PlyCount "58"]
[EventDate "2007.04.12"]
[EventType "swiss"]
[EventRounds "7"]
[EventCountry "GER"]
[SourceTitle "EXT 2022"]
[Source "ChessBase"]
[SourceDate "2021.10.06"]
[SourceVersion "1"]
[SourceVersionDate "2021.10.06"]
[SourceQuality "1"]

1. e4 c5 2. Nf3 d6 3. d4 cxd4 4. Nxd4 Nf6 5. Nc3 a6 6. Bd3 e5 7. Nf3 Be7 8. 0-0 0-0 9. Nd5 Nxd5 10. exd5 f5 11. Bc4 Kh8 12. a3 Nd7 13. Re1 Bf6 14. Rb1 b5 15. Bb3 Nb6 16. Be3 Bd7 17. Bxb6 Qxb6 18. c3 a5 19. Qd2 h6 20. Rbd1 Rab8 21. Bc2 Rfc8 22. g4 Rc4 23. h3 Rf4 24. Qe3 fxg4 25. Nd4 gxh3 26. Qd3 g6 27. Re4 Rxe4 28. Qxe4 exd4 29. Qxg6 Rg8 0-1